01066nam a2200265 i 4500003000900000005001700009007000300026008004100029040003000070082001700100100004300117245012200160264007900282300002800361336002700389337003300416338002800449500007400477504003900551590002600590910001500616942001400631952013800645999001700783DO-SdBNP20250305085733.0ta250305b200- dr a|||| |||| 00| 0 spa d aDO-SdBNPbspacBNPHUerda 1axxxbxxx222 aPetrecolla, Diego,eautor4aut.98711210aEstudio sobre las condiciones de competencia en el mercado de seguros de la República Domincana /cDiego Petrecolla 1aSanto Domingo :bComisión Nacional de Defensa de la Competencia,c200-?. a187 páginas ;c23 cm. atextobtxt2rdacontent asin mediaciónbn2rdamedia avolumenbnc2rdacarrier aIncluiye referencias bibliográficas y notas al pie de las páginas aBibliografía : páginas 183-186 aInventariado, 2025/BT aBtavárez 2ddccLBS1 00102ddc51708PDaBNPHUbBNPHUcCTd2025-03-05eDonado por Claro Dominicanal0oBNPHU PD p2025-1435r2025-03-05w2025-03-05yLBS1 c58306d58306